Őserdő a József Attila sugárúton ősszel elkezdődhet a Gyevi temető felszámolása /
Elmentve itt :
| Szerző: | |
|---|---|
| Dokumentumtípus: | Cikk |
| Megjelent: |
2003-08-13
|
| Sorozat: | Délmagyarország
93 No. 188 |
| Kulcsszavak: | Szeged, Temető Gyevi temető Szeged, Településfejlesztés városrendezés Szeged |
| Online Access: | http://dmarchiv.bibl.u-szeged.hu/132467 |
| LEADER | 00589nab a2200157 i 4500 | ||
|---|---|---|---|
| 001 | delm132467 | ||
| 005 | 20191121115249.0 | ||
| 008 | 191121s2003 hu o 0|| hun d | ||
| 040 | |a SZTE Délmagyarország Archívum |b hun | ||
| 041 | |a hun | ||
| 100 | 1 | |a Bátyi Zoltán | |
| 245 | 1 | 0 | |a Őserdő a József Attila sugárúton |h [elektronikus dokumentum] : |b ősszel elkezdődhet a Gyevi temető felszámolása / |c Bátyi Zoltán |
| 260 | |c 2003-08-13 | ||
| 300 | |a 1, 3, 5 | ||
| 490 | 0 | |a Délmagyarország |v 93 No. 188 | |
| 695 | |a Szeged, Temető Gyevi temető Szeged, Településfejlesztés városrendezés Szeged | ||